QUADERNI DI INFORMATICA MUSICALE (STUDIO SON. C.E.VARESE) (Record n. 205372)
[ formato base ]
| 000 -LEADER | |
|---|---|
| fixed length control field | 00988nas a2200241Ia 4500 |
| 001 - CONTROL NUMBER | |
| control field | R406/38361 |
| 003 - CONTROL NUMBER IDENTIFIER | |
| control field | IT-RoPAU |
| 008 - FIXED-LENGTH DATA ELEMENTS--GENERAL INFORMATION | |
| fixed length control field | 151124c99999999xx |||||||||||| ||und|| |
| 040 ## - CATALOGING SOURCE | |
| Original cataloging agency | IT-RoPAU |
| 040 ## - CATALOGING SOURCE | |
| Transcribing agency | IT-RoPAU |
| 041 ## - LANGUAGE CODE | |
| Language code of text/sound track or separate title | ITALIANO |
| 100 ## - MAIN ENTRY--PERSONAL NAME | |
| Personal name | Costantini Claudio |
| Miscellaneous information | Codice Aut. SPICS: 18175 |
| 210 ## - ABBREVIATED TITLE | |
| Abbreviated title | INFORMATICA MUSICALE |
| 222 ## - KEY TITLE | |
| Key title | Informatica Musicale |
| 245 ## - TITLE STATEMENT | |
| Title | QUADERNI DI INFORMATICA MUSICALE (STUDIO SON. C.E.VARESE) |
| Remainder of title | Audioterapia Computazionale. Linee Programmatiche Teoriche |
| 250 ## - EDITION STATEMENT | |
| Edition statement | 1a ed. |
| 260 ## - PUBLICATION, DISTRIBUTION, ETC. (IMPRINT) | |
| Place of publication, distribution, etc. | PESCARA |
| Name of publisher, distributor, etc. | STUDIO DI SONOLOGIA COMP. E.V. |
| 300 ## - PHYSICAL DESCRIPTION | |
| Extent | 13 p. [27-39] |
| 501 ## - WITH NOTE | |
| -- | Paulus - SPICS - Società San Paolo EM (non-commercial uses only) |
| -- | Copyright2015 |
| 500 ## - GENERAL NOTE | |
| General note | Ed Operative con Esemplificazioni nel Modello Psicosomatico Audioterapia-Computazionale Definizione-Degli-Obiettivi Ideazione-Delle-Metodiche-Operative Criteri-Di-Valutazione La-Riuscita Bibliografia |
| 650 ## - SUBJECT ADDED ENTRY--TOPICAL TERM | |
| Topical term or geographic name as entry element | MUSICA |
| Form subdivision | PUBBLICAZIONE PERIODICA |
| 942 ## - ADDED ENTRY ELEMENTS (KOHA) | |
| Koha item type | RIVISTA |
| Withdrawn status | Lost status | Damaged status | Not for loan | Home library | Current library | Date acquired | Total Checkouts | Full call number | Date last seen | Price effective from | Koha item type | Public note |
|---|---|---|---|---|---|---|---|---|---|---|---|---|
| Buone Condizioni | Not For Loan | SPICS-MEDIATECA | SPICS-MEDIATECA | 25/11/2015 | R406/38361 | 25/11/2015 | 25/11/2015 | RIVISTA | Progr. Ins: 73632 / Copia rara: NO / date import: 25.11.2015 / By Epidotti, Trombetti, Vaglietti |